000
00318nam a2200121Ia 4500
008
190802s9999 xx 000 0 und d
020
_a
978-93-530-6282-8
100
_a
Paul Deitel
245
0
_a
C How to Program with an introduction to C + +
260
_a
New Delhi
_b
Pearson
_c
2018
300
_a
1005:p
942
_c
BK
999
_c
2245
_d
2245